Budoucnost managementu

Gespeichert in:
Bibliographische Detailangaben
1. Verfasser: Hamel, Gary
Weitere Verfasser: Breen, Bill, Grusová, Irena
Format: Buch
Sprache:Tschechisch
Veröffentlicht: Praha Management Press 2008
Schriftenreihe:Knihovna světového managementu
Schlagworte:
Tags: Tag hinzufügen
Keine Tags, Fügen Sie das erste Tag hinzu!

MARC

LEADER 00000nam$a2200000$$$4500
001 0104545
005 20240313085624.7
020 |a 978-80-7261-188-1 
041 0 |a cze 
044 |a CZ 
245 1 0 |a Budoucnost managementu  |c Gary Hamel & Bill Breen ; přeložila: Irena Grusová 
264 1 |a Praha  |b Management Press  |c 2008 
300 |a 244 s. 
490 1 |a Knihovna světového managementu 
830 0 |a Knihovna světového managementu 
610 2 0 |a manažment 
610 2 0 |a inovácia 
610 2 0 |a firmy 
610 2 0 |a riadenie podnikové 
610 2 0 |a úspech pracovný 
610 2 0 |a štúdie prípadové 
100 1 |a Hamel, Gary 
700 1 |a Breen, Bill 
700 1 |a Grusová, Irena